LEADER 00990nam a2200265 i 4500 001 000000107673 003 CaOOAMICUS 005 20050915000000.0 008 050915s1968 it u000 u eng u 013 $a80131 020 $a7148-1340-0 040 $aSeMil$bita 100 1 $aFletcher, Jennifer.$0(OLS)http://semarc/name/45338 245 10$aPeter Paul Rubens /$cby Jennifer Fletcher. 260 $aLondon & New York :$bPhaidon,$ccopyr. 1968. 300 $a90 p. :$briccamente ill. ;$c31 cm. 500 $aFondo Ciprandi. 600 14$aRubens, Pieter Paul <1577-1640>.$0(OLS)http://semarc/subject/16863 850 $aSeMil 852 $aSeMil$W1$xVenegono$y1$m5U XVI 3$j63769$B63769$CSeMilBibl$Z2$F103052 $8I 941 1 $a1 961 $aOmaggio: Ciprandi dott. Paolo 996 $6020$a7148-1340-0$9(OLS)http://semarc/number/88767 996 $6245$aPeter Paul Rubens$9(OLS)http://semarc/title/156377 996 $6260$aLondon & New York :$bPhaidon$9(OLS)http://semarc/publisher/44937 LEADER 01375nam a2200277 i 4500 001 000000085019 003 CaOOAMICUS 005 20030908000000.0 008 030908s2003 gw u000 u fre u 013 $a57259 020 $a3-11-017867-2 040 $aSeMil$bita 100 1 $aAuffret, Pierre.$0(OLS)http://semarc/name/21723 240 00$aQue seulement de tes yeux tu regardes.$0(OLS)http://semarc/title/131639 245 10$aQue seulement de tes yeux tu regardes :$betude structurelle de treize psaumes /$cPierre Auffret. 260 $aBerlin ; New York :$bDe Gruyter,$c2003. 300 $a386 p. ;$c24 cm. 490 0 $aBeihefte zur Zeitschrift für die alttestamentliche Wissenschaft ;$v330 650 4$aBibbia. Antico Testamento. Salmi - Commentari, studi, critica, interpretazioni.$0(OLS)http://semarc/subject/289 830 0$aBeihefte zur Zeitschrift für die alttestamentliche Wissenschaft ;$v330.$0(OLS)http://semarc/title/294 850 $aSeMil 852 $aSeMil$W1$xVenegono$y1$m2XA Q 330$j249980$B49170$CSeMilBibl$Z2$F52618 $81 961 $aSottoscrizione: De Gruyter 996 $6020$a3-11-017867-2$9(OLS)http://semarc/number/65435 996 $6245$aQue seulement de tes yeux tu regardes :$betude structurelle de treize psaumes$9(OLS)http://semarc/title/131640 996 $6260$aBerlin ; New York :$bDe Gruyter$9(OLS)http://semarc/publisher/29892